Conocimiento del hombre
Guardat en:
| Autor principal: | |
|---|---|
| Format: | Llibre |
| Idioma: | espanyol |
| Publicat: |
Santiago
Zig-Zag
1960
|
| Col·lecció: | Biblioteca de cultura
|
| Matèries: | |
| Etiquetes: |
Afegir etiqueta
Sense etiquetes, Sigues el primer a etiquetar aquest registre!
|
MARC
| LEADER | 00000nam a2200000 a 4500 | ||
|---|---|---|---|
| 001 | UCY6212 | ||
| 003 | CL-VaPUC | ||
| 008 | 950521e19600000CL |||||||||||||||||spa|d | ||
| 082 | 0 | 4 | |a 155.2 |b ADL |2 21 |
| 100 | 0 | |a Adler, Alfred |e author |9 328579 | |
| 245 | 1 | 0 | |a Conocimiento del hombre |
| 300 | |a 297 p | ||
| 942 | |c BK | ||
| 945 | |d 19950521 00:00:00 |a cmena | ||
| 260 | |a Santiago |b Zig-Zag |c 1960 | ||
| 650 | 0 | |a Psicología |9 257863 | |
| 650 | 0 | |a Psicología del desarrollo |9 307541 | |
| 650 | 0 | |a Niños |9 255605 | |
| 650 | 0 | |a Interacción social |9 307764 | |
| 650 | 0 | |a Percepción |9 266750 | |
| 650 | 7 | |a PSICOLOGIA AFECTIVA |2 CL-VaPUC |9 336040 | |
| 650 | 0 | |a Personalidad |9 307255 | |
| 650 | 0 | |a Agresividad |9 257862 | |
| 650 | 0 | |a Educación |9 258661 | |
| 583 | |a last modification |c 19950521 00:00:00 |k Rodrigo Vera | ||
| 490 | 0 | |a Biblioteca de cultura | |
| 999 | |c 233792 |d 233790 | ||
| 952 | |0 0 |1 0 |4 0 |6 155_200000000000000_ADL_1960 |7 0 |8 P |9 239540 |a BIBEDU |b BIBEDU |c BIBEDU_PB |d 2019-11-18 |i 1507788 |o 155.2 ADL 1960 |p 1507788 |r 2024-01-25 |w 2019-11-18 |y BK |k EDU | ||